Представление документа в формате RUSMARC

ПолеНазваниеЗначение
  Тип записи a
  Библиографический уровень m
001 Контрольный номер SKBR/ce31f498-c87e-4543-a071-9d20f187f44c
005 Дата корректировки 20260702165932.5
010 Индекс ISBN __
a ISBN 978-5-7533-1826-8
b Уточнения в пер.
9 Тираж 4000 экз.
035 Другие системные номера __
a Идентификатор записи RU/Тюменская ОНБ/EKC/84/Ж 86-939104053
100 Данные общей обработки __
a Данные общей обработки 20230710d2023 mday0rusy028902 ca
101 Язык документа 0_
a Язык текста rus
102 Страна публикации __
a Страна публикации RU
105 Кодированные данные (монография) __
a Кодированные данные (монография) cah z 000yb
181 Поле кодированных данных: вид содержания _0
a Код вида содержания (ISBD) i
182 Поле кодированных данных: тип средства _0
a Код типа средства (ISBD) n
200 Заглавие и сведения об ответственности 1_
a Заглавие Маршал Жуков - мой отец
e Сведения, относящиеся к заглавию [воспоминания]
f Первые сведения об ответственности Мария Жукова
203 Вид содержания и тип средства __
a Вид содержания Текст
c Тип средства непосредственный
205 Сведения об издании __
a Основные сведения об издании 7-е издание
210 Выходные данные 1_
a Место издания Москва
c Издательство Издательство Сретенского монастыря
d Дата издания 2023
215 Физическое описание __
a Объем 206, [1] с.
c Иллюстрации/тип воспроизводства портр, фот., факс.
d Формат 21 см
330 Аннотация __
a Аннотация Воспоминания младшей дочери маршала Г. К. Жукова Марии Георгиевны Жуковой, члена Союза писателей России, рисуют живой образ непобедимого полководца, сумевшего в безбожные времена сохранить сердце православного христианина.
333 Примечание о целевом назначении __
a Примечание о целевом назначении 12+. Для детей старше 12 лет
600 Персоналии _1
a Персоналии (Фамилия) Жуков
b Персоналии (Имя) Г. К.
g Полное имя Георгий Константинович
f Даты 1896-1974
2 Код системы nlr_sh
606 Тематические рубрики __
2 Код системы nlr_sh
610 Ключевые слова 1_
a Ключевые слова русская литература
610 Ключевые слова 1_
a Ключевые слова автобиографическая проза
610 Ключевые слова 0_
a Ключевые слова биографическая проза
610 Ключевые слова 0_
a Ключевые слова биографии
610 Ключевые слова 0_
a Ключевые слова персоналии
610 Ключевые слова 0_
a Ключевые слова маршалы Советского Союза
610 Ключевые слова 0_
a Ключевые слова биографические сведения
610 Ключевые слова 0_
a Ключевые слова документальные фотографии
610 Ключевые слова 0_
a Ключевые слова биографические материалы
610 Ключевые слова 0_
a Ключевые слова воспоминания
610 Ключевые слова 0_
a Ключевые слова историческая литература
610 Ключевые слова 0_
a Ключевые слова патриотическая литература
610 Ключевые слова 0_
a Ключевые слова биографии военных деятелей
610 Ключевые слова 0_
a Ключевые слова факты биографии
610 Ключевые слова 0_
a Ключевые слова детство
610 Ключевые слова 0_
a Ключевые слова юность
610 Ключевые слова 0_
a Ключевые слова зрелость
610 Ключевые слова 0_
a Ключевые слова жизненный путь
610 Ключевые слова 0_
a Ключевые слова полководцы
610 Ключевые слова 0_
a Ключевые слова советские военачальники
610 Ключевые слова 0_
a Ключевые слова Великая Отечественная война
610 Ключевые слова 0_
a Ключевые слова тема Великой Отечественной войны
610 Ключевые слова 0_
a Ключевые слова семья
610 Ключевые слова 0_
a Ключевые слова духовная литература
610 Ключевые слова 0_
a Ключевые слова духовно-нравственная литература
610 Ключевые слова 0_
a Ключевые слова военно-патриотические ценности
610 Ключевые слова 1_
a Ключевые слова мемуары
686 Индексы других классификаций __
2 Код системы rubbks
a Классификационный индекс 84(2=411.2)6-49
700 Автор _1
a Фамилия Жукова
b Имя М. Г.
g Полное личное имя Мария Георгиевна
f Даты 1957-
4 Код отношения 070
801 Источник записи _2
b Организация Тюменская ОНБ
a Страна RU
c Дата составления 20241217
g Правила каталогизации PSBO
801 Источник записи _1
b Организация Тюменская ОНБ
a Страна RU
c Дата составления 20250301
g Правила каталогизации PSBO
852 Данные о местонахождении __
i Авторский знак Ж 86
j Шифр хранения 84(2=411.2)6-49
901 Тип документа __
a Ответственный ООФиК/Губина
t Тип документа m
901 Тип документа __
a Ответственный без партии
903 Характеристики (МАРС) __
a Дата передачи 20260702
c Наименование библиотеки (МАРС) Муниципальное бюджетное учреждение культуры "Централизованная библиотечная система" г. Сургут (Центральная городская библиотека им. А. С. Пушкина)